| 000 | 00441nam a22001817a 4500 | ||
|---|---|---|---|
| 003 | CEME | ||
| 005 | 20210628203015.0 | ||
| 008 | 210119b xxu||||| |||| 00| 0 eng d | ||
| 020 | _a0-471-20189-8 | ||
| 040 | _c. | ||
| 082 | _a004.678 DEN | ||
| 100 |
_aDennis, Alan _962830 |
||
| 245 | _aNetworking in the internet age | ||
| 260 |
_aNEW YORK _bJHON WILEY _c2002 |
||
| 300 | _aXVI,414 P | ||
| 650 |
_aNETWORKING. _9212 |
||
| 942 |
_cBK _2ddc |
||
| 999 |
_c571806 _d571806 |
||